Countries with the Most COVID-19 Cases (Updated) - Statistics

General Stats
  • This quiz has been taken 27 times
    12 since last reset
  • The average score is 22 of 32
Answer Stats
Cases Country % Correct
38,048,773 Brazil
100%
109,509,672 United States
100%
45,001,785 India
91%
30,257,411 Japan
91%
7,381,305 Mexico
91%
21,987,334 Russia
91%
24,293,752 United Kingdom
91%
10,037,135 Argentina
82%
40,138,560 France
82%
38,635,878 Germany
82%
25,488,166 Italy
82%
13,740,531 Spain
82%
6,730,964 Indonesia
73%
7,564,663 Iran
73%
32,712,958 South Korea
73%
17,042,722 Turkey
73%
11,312,904 Australia
64%
5,798,237 Austria
64%
6,357,200 Colombia
64%
6,382,975 Poland
64%
9,645,862 Taiwan
64%
5,126,657 Chile
55%
5,723,715 Greece
55%
5,037,784 Malaysia
55%
5,373,104 Ukraine
55%
11,526,559 Vietnam
55%
4,772,813 North Korea
45%
5,564,254 Portugal
45%
4,726,984 Thailand
45%
4,695,403 Belgium
36%
8,583,669 Netherlands
36%
4,788,082 Israel
27%
No matching quizzes found
Score Distribution
Percent of People with Each Score
Percentile by Number Answered
Your Score History
You have not taken this quiz since the last reset